000 00662nam a2200181Ia 4500
008 151202s9999||||xx |||||||||||||| ||und||
082 _bPNVM-41499
100 _aमित्तल शशिभूषण.
245 _aज्योतिष चिंतामणी.
260 _b"प्रेमलता शशिभूषण मित्तल,पुणे."
260 _c0
300 _a103
600 _aमित्तल शशिभूषण.
630 _aज्योतिष चिंतामणी.
700 _aमित्तल शशिभूषण.
730 _aज्योतिष चिंतामणी.
942 _cBOOK
999 _c1307451
_d1307448